Footballeurs par lettre Z - Statistiques

Statistiques générales
  • Ce quiz a été pris 105 fois
  • Le résultat moyen est 11 sur 16
Statistiques - réponses
Par images Réponse % Correct
Zidane
99%
Ziyech
89%
Zouma
88%
Zanetti
85%
Zaha
84%
Zhegrova
81%
Zico
77%
Zakaria
75%
Zambo Anguissa
75%
Zaza
73%
Zielinski
66%
Zubimendi
65%
Zapata
58%
Zaccagni
25%
Zalewski
25%
Zubeldia
9%
Aucun quiz correspondant
Distribution des résultats
% des personnes avec chaque résultat
Percentile par nombre de réponses
Votre historique - résultats
Vous n’avez pas pris ce quiz